[Event "DEM U10w 2016"]
[Site "Willingen GER"]
[Date "2016.05.15"]
[Round "2"]
[White "Butenandt, Svenja"]
[Black "Krebs, Elisabeth"]
[Result "1-0"]
[Termination "normal"]
[Board "1"]
[WhiteElo "1451"]
[BlackElo "1076"]
[WhiteClock "00:22:59"]
[BlackClock "00:19:33"]
[PlyCount "75"]
[WhiteFideId "12993859"]
[EventCountry "GER"]
[EventRounds "11"]
[EventType "swiss"]
[EventDate "2016.05.14"]

1. e4 e5 2. Nf3 Nc6 3. d4 exd4 4. Nxd4 Bc5 5. Nb3 Bb6 6. Nc3 d6 7. Qe2 Nge7 8.
Be3 O-O 9. O-O-O f5 10. Bxb6 axb6 11. f4 Kh8 12. Qf3 Be6 13. Kb1 Nb4 14. a3 c5
15. axb4 cxb4 16. Nb5 Qc8 17. Nxd6 Qc7 18. Nb5 Qc6 19. Rd6 Qc8 20. exf5 Bxf5
21. N5d4 Qc7 22. Nxf5 Nxf5 23. Rd1 Rfc8 24. Bd3 g6 25. g3 b5 26. Qe2 Nd4 27.
Nxd4 Qa5 28. Kc1 Qa1+ 29. Kd2 Qxb2 30. Qe5+ Kg8 31. Nf3 Rc3 32. Qd5+ Kf8 33.
Ng5 Rxd3+ 34. Qxd3 Ra3 35. Qd6+ Ke8 36. Rde1+ Re3 37. Rxe3+ Qe5 38. Rxe5# 1-0

[Event "DEM U10w 2016"]
[Site "Willingen GER"]
[Date "2016.05.15"]
[Round "2"]
[White "Werner, Rosalie"]
[Black "Zhou, Lepu Coco"]
[Result "0-1"]
[Termination "normal"]
[Board "2"]
[WhiteElo "1075"]
[BlackElo "1645"]
[PlyCount "96"]
[WhiteFideId "16223748"]
[BlackFideId "16217136"]
[EventCountry "GER"]
[EventRounds "11"]
[EventType "swiss"]
[EventDate "2016.05.14"]

1. e4 e5 2. Nf3 Nc6 3. Bc4 Nf6 4. d3 Bc5 5. c3 d6 6. O-O Be6 7. Bb3 Qd7 8. Nbd2
O-O-O 9. Re1 Rdg8 10. Nf1 h6 11. d4 Bxb3 12. axb3 Bb6 13. Ng3 g5 14. Nf5 Nxe4
15. Ne3 g4 16. Nh4 exd4 17. cxd4 Nxd4 18. Nc4 Nf3+ 19. Nxf3 Bxf2+ 20. Kf1 Bxe1
21. Qxe1 gxf3 22. Qxe4 fxg2+ 23. Kg1 d5 24. Qe2 dxc4 25. bxc4 Re8 26. Be3 Qe6
27. Re1 Qe4 28. Qf2 Re7 29. Qg3 Rhe8 30. Qh3+ Qe6 31. Qxg2 f5 32. Qf2 Rg8+ 33.
Kf1 Qxc4+ 34. Re2 f4 35. Bd2 f3 36. Be3 fxe2+ 37. Ke1 Qb3 38. Kxe2 Qxb2+ 39.
Kd1 Rd7+ 40. Bd2 Rg1+ 41. Ke2 Qe5+ 42. Be3 Qb2+ 43. Bd2 Re7+ 44. Kd3 Rd7+ 45.
Ke2 Qxd2+ 46. Kf3 Rf7+ 47. Ke4 Rg4+ 48. Ke5 Qd6# 0-1

[Event "DEM U10w 2016"]
[Site "Willingen GER"]
[Date "2016.05.15"]
[Round "2"]
[White "Bashylina, Luisa"]
[Black "von Beckh, Frieda"]
[Result "1-0"]
[Termination "normal"]
[Board "3"]
[WhiteElo "1664"]
[BlackElo "1071"]
[WhiteClock "01:04:16"]
[BlackClock "00:59:09"]
[PlyCount "65"]
[WhiteFideId "12983292"]
[BlackFideId "16233751"]
[EventCountry "GER"]
[EventRounds "11"]
[EventType "swiss"]
[EventDate "2016.05.14"]

1. e4 e5 2. Nf3 Nc6 3. d4 exd4 4. Nxd4 Nf6 5. Nxc6 bxc6 6. Bd3 d5 7. e5 Qe7 8.
O-O Qxe5 9. Re1 Ne4 10. f3 Qd4+ 11. Kh1 Be6 12. fxe4 dxe4 13. Bxe4 Qc5 14. Be3
Qb5 15. Nc3 Qb7 16. Qf3 Bd7 17. Rad1 Bd6 18. Bf4 O-O-O 19. Bxd6 cxd6 20. Rxd6
Kc7 21. Qg3 Kc8 22. Red1 g6 23. Qf3 f5 24. Bxc6 Bxc6 25. Qxc6+ Qxc6 26. Rxc6+
Kb7 27. Rcd6 Rxd6 28. Rxd6 Re8 29. h3 Re7 30. Kg1 Kc7 31. Rd1 Kc6 32. Kf2 Kb6
33. Nd5+ 1-0

[Event "DEM U10w 2016"]
[Site "Willingen GER"]
[Date "2016.05.15"]
[Round "2"]
[White "Schneider, Anna"]
[Black "Bildat, Emilia"]
[Result "1-0"]
[Termination "normal"]
[Board "4"]
[WhiteElo "1365"]
[BlackElo "947"]
[WhiteClock "00:19:58"]
[BlackClock "00:33:35"]
[PlyCount "87"]
[WhiteFideId "16200527"]
[BlackFideId "16218140"]
[EventCountry "GER"]
[EventRounds "11"]
[EventType "swiss"]
[EventDate "2016.05.14"]

1. e4 e5 2. Nf3 Nc6 3. d4 exd4 4. Bc4 d6 5. c3 d3 6. b4 Ne5 7. Nxe5 dxe5 8. Qf3
Nf6 9. h3 Bd7 10. a4 Be7 11. O-O O-O 12. Qg3 Kh8 13. Bxd3 Re8 14. f4 Bd6 15. f5
Rg8 16. Qf3 g6 17. Kh1 Nh5 18. f6 Nf4 19. Bxf4 exf4 20. Re1 Qxf6 21. Nd2 Be5
22. Red1 Rgd8 23. Nc4 Be6 24. Rac1 Bxc4 25. Bxc4 Rxd1+ 26. Qxd1 Qc6 27. Bxf7
Qxe4 28. Bd5 Qf5 29. Bxb7 Rb8 30. Bf3 Qf6 31. Qd3 Rd8 32. Qc2 Rc8 33. c4 c5 34.
b5 Bc7 35. Qa2 Ba5 36. Bc6 Bb4 37. a5 Rb8 38. Bd5 Kg7 39. Rf1 g5 40. b6 axb6
41. a6 Qd8 42. a7 Ra8 43. Bxa8 Qxa8 44. Rd1 1-0

[Event "DEM U10w 2016"]
[Site "Willingen GER"]
[Date "2016.05.15"]
[Round "2"]
[White "Müller, Alina"]
[Black "Scholz, Rika"]
[Result "1-0"]
[Termination "normal"]
[Board "5"]
[WhiteElo "1159"]
[BlackElo "912"]
[WhiteClock "01:07:14"]
[BlackClock "01:09:23"]
[PlyCount "33"]
[WhiteFideId "16265939"]
[BlackFideId "16240537"]
[EventCountry "GER"]
[EventRounds "11"]
[EventType "swiss"]
[EventDate "2016.05.14"]

1. d4 d5 2. c4 e6 3. Nc3 Nf6 4. Bg5 Bb4 5. e3 O-O 6. Nf3 Nc6 7. Bd3 Bd7 8. O-O
h6 9. Bh4 Bxc3 10. bxc3 Qe7 11. Ne5 Rad8 12. Bc2 Rfe8 13. Qd3 a6 14. Ng4 Na5
15. Nxf6+ gxf6 16. Qh7+ Kf8 17. Qh8# 1-0

[Event "DEM U10w 2016"]
[Site "Willingen GER"]
[Date "2016.05.15"]
[Round "2"]
[White "Keymer, Cecilia"]
[Black "Antonava, Sviatlana"]
[Result "1-0"]
[Termination "normal"]
[Board "6"]
[WhiteElo "923"]
[BlackElo "1156"]
[WhiteClock "00:14:42"]
[BlackClock "01:07:22"]
[PlyCount "117"]
[WhiteFideId "16233468"]
[BlackFideId "16216806"]
[EventCountry "GER"]
[EventRounds "11"]
[EventType "swiss"]
[EventDate "2016.05.14"]

1. d4 b6 2. e4 Bb7 3. Nc3 e6 4. Nf3 Bb4 5. Bd3 Ne7 6. O-O O-O 7. Bf4 d6 8. Qe2
Nd7 9. Rad1 Bxc3 10. bxc3 Ng6 11. Bg3 c5 12. Rfe1 Rc8 13. Bxd6 Re8 14. Bg3 e5
15. d5 a6 16. c4 Nf6 17. h3 h6 18. c3 Qd6 19. Bc2 Nh5 20. Bh2 Red8 21. Qe3 Nhf4
22. Bxf4 Nxf4 23. Nh4 Qf6 24. Nf5 b5 25. Bb3 Rb8 26. Qxc5 bxc4 27. Qxc4 Rbc8
28. Qb4 Rd7 29. c4 Qg6 30. Ng3 h5 31. Qc3 h4 32. Qxe5 hxg3 33. Qxf4 gxf2+ 34.
Qxf2 Re8 35. Qf3 Rde7 36. Rd4 Qb6 37. Qf2 Bc8 38. Kf1 Qg6 39. Bc2 f5 40. Qf4
Rf8 41. e5 a5 42. e6 Qf6 43. Qd2 f4 44. Be4 Rb7 45. Bf3 Rb4 46. Ree4 g5 47. e7
Re8 48. d6 Rb7 49. d7 Bxd7 50. Rxd7 Rb1+ 51. Bd1 Qc6 52. Red4 f3 53. gxf3 Qxf3+
54. Ke1 Qxh3 55. Qxg5+ Kf7 56. Qf4+ Kg8 57. Qg5+ Kf7 58. Rf4+ Ke6 59. Qd5# 1-0

[Event "DEM U10w 2016"]
[Site "Willingen GER"]
[Date "2016.05.15"]
[Round "2"]
[White "Peglau, Charis"]
[Black "Feige, Adelina"]
[Result "1-0"]
[Termination "normal"]
[Board "7"]
[WhiteElo "1097"]
[BlackElo "795"]
[PlyCount "63"]
[WhiteFideId "16219996"]
[BlackFideId "16265955"]
[EventCountry "GER"]
[EventRounds "11"]
[EventType "swiss"]
[EventDate "2016.05.14"]

1. e4 e5 2. Nf3 Nc6 3. Bc4 Bc5 4. c3 Nf6 5. d4 Bd6 6. Bg5 O-O 7. O-O h6 8. Bh4
Qe7 9. dxe5 Bxe5 10. Nxe5 Nxe5 11. Bb3 Ng6 12. Bg3 Nxe4 13. Re1 d6 14. Nd2 Bf5
15. Bd5 c6 16. Bxe4 Bxe4 17. Nxe4 d5 18. Bd6 Qe6 19. Bxf8 Rxf8 20. Ng3 Qf6 21.
Qg4 Ne5 22. Qd4 Re8 23. f4 Nf3+ 24. gxf3 Rxe1+ 25. Rxe1 Qxd4+ 26. cxd4 Kf8 27.
Nf5 a6 28. Nd6 g6 29. f5 b5 30. f6 Kg8 31. Re8+ Kh7 32. Nxf7 1-0

[Event "DEM U10w 2016"]
[Site "Willingen GER"]
[Date "2016.05.15"]
[Round "2"]
[White "Wilmink, Anna"]
[Black "Becker, Linda"]
[Result "0-1"]
[Termination "normal"]
[Board "8"]
[WhiteElo "833"]
[BlackElo "1093"]
[PlyCount "106"]
[WhiteFideId "16273680"]
[BlackFideId "16244753"]
[EventCountry "GER"]
[EventRounds "11"]
[EventType "swiss"]
[EventDate "2016.05.14"]

1. e4 e5 2. Nf3 Nc6 3. d4 d5 4. dxe5 dxe4 5. Qxd8+ Nxd8 6. Ng5 Bf5 7. Nc3 f6 8.
exf6 Nxf6 9. Bd3 exd3 10. cxd3 Bxd3 11. Nf3 Ne6 12. Ne5 Ba6 13. b4 Bxb4 14. Bd2
Ng5 15. Nd1 Bxd2+ 16. Kxd2 Nfe4+ 17. Ke3 O-O-O 18. f4 Rhe8 19. Rc1 Rd5 20. h4
h6 21. hxg5 hxg5 22. Kxe4 Ra5 23. Nc3 c6 24. Kd4 c5+ 25. Kd5 gxf4 26. Rhf1 c4+
27. Ke4 Rexe5+ 28. Kxf4 Rf5+ 29. Ke4 Rxf1 30. Rxf1 Ra3 31. Nb1 Rxa2 32. Kd5 Kc7
33. Kc5 Ra5+ 34. Kd4 Kc6 35. Nc3 b5 36. Re1 b4 37. Re6+ Kb7 38. Nd5 b3 39. Re2
Ra2 40. Re1 b2 41. Re7+ Kc8 42. Kc5 Ra5+ 43. Kc6 Bb5+ 44. Kd6 Ra6+ 45. Kc5 b1=Q
46. g4 Rc6+ 47. Kd4 Qd3+ 48. Ke5 Rc5 49. Rxg7 Qxd5+ 50. Kf6 Rc6+ 51. Ke7 Qd7+
52. Kf8 Qd8+ 53. Kf7 Rf6# 0-1

[Event "DEM U10w 2016"]
[Site "Willingen GER"]
[Date "2016.05.15"]
[Round "2"]
[White "Petersen, Sophie"]
[Black "Nguyen, Phuong Thao Vivien"]
[Result "0-1"]
[Termination "normal"]
[Board "9"]
[WhiteElo "906"]
[BlackElo "1578"]
[PlyCount "70"]
[WhiteFideId "16229380"]
[BlackFideId "16210735"]
[EventCountry "GER"]
[EventRounds "11"]
[EventType "swiss"]
[EventDate "2016.05.14"]

1. e4 c5 2. d4 cxd4 3. c3 dxc3 4. Nxc3 d6 5. Nf3 Bg4 6. h3 Bh5 7. Bc4 e6 8. O-O
Be7 9. Bf4 Nf6 10. Nb5 Nxe4 11. Re1 a6 12. Rxe4 axb5 13. Bxb5+ Nc6 14. Rc4 Rc8
15. Rac1 d5 16. R4c2 Qb6 17. a4 O-O 18. Qd3 Bg6 19. Qe2 Bxc2 20. Qxc2 Na7 21.
Qe2 Rxc1+ 22. Bxc1 Qc7 23. Be3 Nxb5 24. axb5 Bd6 25. g3 Bxg3 26. Kg2 Bd6 27.
Qd3 h6 28. Qd4 Qc2 29. Qg4 Kh7 30. Bd4 g6 31. Qh4 Qf5 32. Kf1 Qxf3 33. Be3 h5
34. Bd4 Rc8 35. Be3 Rc2 0-1

[Event "DEM U10w 2016"]
[Site "Willingen GER"]
[Date "2016.05.15"]
[Round "2"]
[White "Wörz, Ann-Sophie"]
[Black "Baltic, Sara"]
[Result "0-1"]
[Termination "normal"]
[Board "10"]
[WhiteElo "1145"]
[BlackElo "1149"]
[PlyCount "122"]
[WhiteFideId "16265890"]
[BlackFideId "16210409"]
[EventCountry "GER"]
[EventRounds "11"]
[EventType "swiss"]
[EventDate "2016.05.14"]

1. e4 e6 2. d3 d5 3. Nd2 Bd6 4. Ngf3 Nd7 5. g3 c6 6. c3 Ne7 7. Bg2 O-O 8. O-O
Ng6 9. b4 a6 10. a3 b6 11. d4 c5 12. e5 Be7 13. Re1 Re8 14. Rb1 f6 15. bxc5
bxc5 16. a4 Qc7 17. exf6 Nxf6 18. Ba3 Bd6 19. Bxc5 Bxc5 20. dxc5 Qxc5 21. Ne5
Nxe5 22. Rxe5 Qxc3 23. Qe1 Bd7 24. Ra1 Rab8 25. Bh3 Rb6 26. a5 Rd6 27. Ra2 Ne4
28. Rh5 Nxd2 29. Rxd2 Qxa5 30. Qb1 g6 31. Ra2 Rb6 32. Qa1 Qb4 33. Rh4 Qb1+ 34.
Qxb1 Rxb1+ 35. Kg2 Bb5 36. Rd4 Bc4 37. Ra5 e5 38. Rd2 d4 39. f3 Bf1+ 40. Kf2
Bxh3 41. Rxa6 e4 42. fxe4 Rf1+ 43. Ke2 Rxe4+ 44. Kd3 Bf5 45. Ra8+ Kg7 46. Ra7+
Kh6 47. Kc4 d3+ 48. Kxd3 Re7+ 49. Kc3 Rxa7 50. Rd4 Ra3+ 51. Kb4 Rfa1 52. Rh4+
Kg7 53. g4 Bxg4 54. Kb5 Ra4 55. h3 Be2+ 56. Kb6 Rxh4 57. Kc6 Rd1 58. Kb6 Rc4
59. Kb5 Rb1+ 60. Ka5 Rc8 61. Ka4 Ra8# 0-1

[Event "DEM U10w 2016"]
[Site "Willingen GER"]
[Date "2016.05.15"]
[Round "2"]
[White "Peglau, Dora"]
[Black "Roncea, Andreea-Alexandra"]
[Result "0-1"]
[Termination "normal"]
[Board "11"]
[WhiteElo "1066"]
[BlackElo "857"]
[PlyCount "64"]
[WhiteFideId "16220005"]
[BlackFideId "16233115"]
[EventCountry "GER"]
[EventRounds "11"]
[EventType "swiss"]
[EventDate "2016.05.14"]

1. e4 d5 2. exd5 Qxd5 3. Nc3 Qd6 4. Nf3 Nf6 5. Bc4 a6 6. Ng5 e6 7. d4 b5 8. Bb3
Bb7 9. O-O h6 10. Nf3 Be7 11. Re1 O-O 12. Bd2 Nbd7 13. Qc1 Bxf3 14. gxf3 c5 15.
dxc5 Qxc5 16. Kh1 Qxf2 17. Rf1 Qh4 18. Rg1 Bd6 19. Rg2 Ne5 20. Bxh6 Nxf3 21.
Qf1 Nxh2 22. Kg1 Nxf1 23. Bxg7 Ng4 24. Kxf1 Ne3+ 25. Ke2 Nxg2 26. Bxf8 Kxf8 27.
Rf1 Nf4+ 28. Kd2 Qh2+ 29. Kd1 Rd8 30. Kc1 Bb4 31. Ne4 Ne2+ 32. Kb1 Qg2 0-1

[Event "DEM U10w 2016"]
[Site "Willingen GER"]
[Date "2016.05.15"]
[Round "2"]
[White "Wimmer, Katharina"]
[Black "Pohle, Saskia"]
[Result "0-1"]
[Termination "normal"]
[Board "12"]
[WhiteElo "934"]
[BlackElo "1228"]
[PlyCount "138"]
[WhiteFideId "16265947"]
[BlackFideId "16201604"]
[EventCountry "GER"]
[EventRounds "11"]
[EventType "swiss"]
[EventDate "2016.05.14"]

1. e4 e5 2. Nf3 Nc6 3. Bc4 Bc5 4. Nc3 d6 5. d3 Nf6 6. Bg5 h6 7. Bxf6 Qxf6 8.
Nd5 Qd8 9. c3 Bg4 10. h3 Bh5 11. g4 Bg6 12. Qd2 Qd7 13. O-O-O O-O-O 14. Rhg1
Rhg8 15. h4 h5 16. g5 Rge8 17. Qe2 Na5 18. b4 Nxc4 19. dxc4 c6 20. bxc5 cxd5
21. Rxd5 Qc6 22. Qe3 Kb8 23. cxd6 Rxd6 24. Nxe5 Qc7 25. Rgd1 Rxd5 26. Rxd5 Rxe5
27. Rxe5 Qxe5 28. Qd2 Qe7 29. f3 Kc8 30. Kb2 Qd8 31. Qe3 Qb6+ 32. Qxb6 axb6 33.
Kb3 Kc7 34. Kc2 f6 35. gxf6 gxf6 36. Kd3 Kd6 37. Kd4 Bf7 38. a4 Be8 39. f4 Bxa4
40. e5+ fxe5+ 41. fxe5+ Ke6 42. Ke4 Bb3 43. Kd4 Ba2 44. Ke4 Bxc4 45. Kd4 Bb3
46. Ke4 Ba2 47. Kf4 Bd5 48. Kg5 Bf3 49. Kf4 Bd1 50. Ke4 Bg4 51. Kf4 Kd5 52. Ke3
Kxe5 53. Kd3 Kf4 54. Kc4 Kg3 55. Kb5 Kxh4 56. Kxb6 Bf3 57. Kc5 Kg3 58. Kd4 h4
59. Kd3 h3 60. Kd2 h2 61. Ke3 h1=Q 62. c4 Qe1+ 63. Kd4 Qe4+ 64. Kc5 Kf4 65. Kd6
Qc6+ 66. Ke7 Kf5 67. c5 Qc7+ 68. Ke8 Kf6 69. c6 Qe7# 0-1

[Event "DEM U10w 2016"]
[Site "Willingen GER"]
[Date "2016.05.15"]
[Round "2"]
[White "Zöllner, Bente"]
[Black "Lorenz, Anouk"]
[Result "1-0"]
[Termination "normal"]
[Board "13"]
[WhiteElo "922"]
[BlackElo "1187"]
[PlyCount "125"]
[WhiteFideId "16230523"]
[BlackFideId "12990256"]
[EventCountry "GER"]
[EventRounds "11"]
[EventType "swiss"]
[EventDate "2016.05.14"]

1. d4 d5 2. Nf3 e6 3. Bf4 Nf6 4. e3 c6 5. Bd3 Be7 6. Nbd2 O-O 7. O-O c5 8. c3
Nc6 9. Qe2 c4 10. Bc2 b5 11. e4 b4 12. exd5 exd5 13. Ne5 Nxe5 14. Qxe5 Ng4 15.
Qh5 Nf6 16. Qe2 Bb7 17. Rfe1 Re8 18. Qf3 Qd7 19. h3 a5 20. Re2 Bd6 21. Rae1
Bxf4 22. Qxf4 Rxe2 23. Rxe2 Re8 24. Rxe8+ Qxe8 25. Bf5 Bc6 26. Nf3 Bd7 27. Bxd7
Qxd7 28. Qg3 h6 29. Ne5 Qe7 30. f3 Nd7 31. Ng4 Kh8 32. Qf4 f6 33. Qf5 Nf8 34.
Qc8 Kg8 35. Kf2 a4 36. Qa6 a3 37. bxa3 bxc3 38. Qa5 c2 39. Qc3 Kh8 40. a4 Qb7
41. Qxc2 Qb4 42. Ne3 c3 43. Nxd5 Qxd4+ 44. Ne3 Qb4 45. Ke2 Qb2 46. Kd3 Qa3 47.
Qb3 Qc5 48. Qxc3 Qxc3+ 49. Kxc3 Ne6 50. a5 Kg8 51. a6 Kf8 52. Kc4 Ke8 53. a7
Nc7 54. Kc5 Kd8 55. Nd5 Na6+ 56. Kb6 Nc7 57. Nxc7 Kd7 58. a8=Q Ke7 59. Qd5 g5
60. Qe6+ Kf8 61. Qd7 Kg8 62. Ne6 Kh8 63. Qg7# 1-0

[Event "DEM U10w 2016"]
[Site "Willingen GER"]
[Date "2016.05.15"]
[Round "2"]
[White "Engelhardt, Wilhelmine"]
[Black "Scherf, Alexa"]
[Result "0-1"]
[Termination "normal"]
[Board "14"]
[WhiteElo "1156"]
[BlackElo "922"]
[PlyCount "124"]
[WhiteFideId "16245652"]
[EventCountry "GER"]
[EventRounds "11"]
[EventType "swiss"]
[EventDate "2016.05.14"]

1. d4 d5 2. e3 c6 3. Bd3 Nf6 4. Nf3 Bg4 5. b3 e6 6. Bb2 Bb4+ 7. Nbd2 Nbd7 8.
O-O O-O 9. a3 Bd6 10. Qe1 Bh5 11. Ne5 Nxe5 12. dxe5 Bxe5 13. Bxe5 Ng4 14. Bb2
Qg5 15. Nf3 Qh6 16. c4 dxc4 17. bxc4 Rad8 18. Rd1 e5 19. Bc2 Bg6 20. Bxg6 hxg6
21. h3 e4 22. Ne5 Nf6 23. Qe2 Qh5 24. Qxh5 Nxh5 25. g4 Nf6 26. Rxd8 Rxd8 27. g5
Nh7 28. h4 Rd2 29. Bc3 Ra2 30. Rd1 Rxa3 31. Rd8+ Nf8 32. Bb4 Ra1+ 33. Kg2 Ra4
34. Rxf8+ Kh7 35. Bc3 f6 36. gxf6 gxf6 37. Ng4 f5 38. Nf6+ Kh6 39. Rh8+ Kg7 40.
Rg8+ Kh6 41. Rd8 Rxc4 42. Bd4 g5 43. hxg5+ Kxg5 44. Nh7+ Kh6 45. Nf8 c5 46. Be5
Kg5 47. Rd7 Rb4 48. Rg7+ Kh4 49. f3 c4 50. fxe4 fxe4 51. Rh7+ Kg4 52. Rf7 c3
53. Bg3 c2 54. Rf4+ Kg5 55. Ne6+ Kg6 56. Be1 Rb2 57. Bd2 c1=Q 58. Rg4+ Kf5 59.
Kg3 Qg1+ 60. Kh3 Qxg4+ 61. Kh2 Rxd2+ 62. Kh1 Qg2# 0-1

[Event "DEM U10w 2016"]
[Site "Willingen GER"]
[Date "2016.05.15"]
[Round "2"]
[White "Tolpa, Amelie"]
[Black "Müller, Helene"]
[Result "0-1"]
[Termination "normal"]
[Board "15"]
[WhiteElo "808"]
[BlackElo "1107"]
[PlyCount "90"]
[WhiteFideId "16275756"]
[BlackFideId "16240456"]
[EventCountry "GER"]
[EventRounds "11"]
[EventType "swiss"]
[EventDate "2016.05.14"]

1. e4 c5 2. Bc4 d6 3. Nf3 g6 4. O-O Bg7 5. d3 Nc6 6. Bf4 Bxb2 7. Nbd2 Bxa1 8.
Qxa1 Nf6 9. Bb5 Bd7 10. Nc4 a6 11. Ba4 b5 12. Bb3 bxc4 13. Bxc4 O-O 14. Rd1 a5
15. Bh6 Re8 16. Bd5 e5 17. c3 Rb8 18. d4 Qb6 19. h3 Qb2 20. Qxb2 Rxb2 21. Ng5
Re7 22. Bxf7+ Rxf7 23. Nxf7 Kxf7 24. d5 Na7 25. Rd3 Nxe4 26. Rf3+ Nf6 27. Bg5
Bf5 28. c4 Ne4 29. Bd8 Rxa2 30. Rb3 Ke8 31. Bh4 g5 32. Rb8+ Nc8 33. Bg3 Nxg3
34. fxg3 Kd8 35. g4 Be4 36. Rb7 h6 37. Rg7 Rxg2+ 38. Kf1 a4 39. Rg8+ Kc7 40.
Rg7+ Kb8 41. Rg8 a3 42. Rf8 a2 43. Rf2 a1=Q+ 44. Ke2 Qb2+ 45. Ke3 Qxf2+ 0-1

[Event "DEM U10w 2016"]
[Site "Willingen GER"]
[Date "2016.05.15"]
[Round "2"]
[White "Adelmeyer, Nelly"]
[Black "Gossing, Marie-Sophie"]
[Result "1/2-1/2"]
[Termination "normal"]
[Board "16"]
[WhiteElo "1086"]
[BlackElo "808"]
[PlyCount "149"]
[WhiteFideId "16203577"]
[BlackFideId "16217284"]
[EventCountry "GER"]
[EventRounds "11"]
[EventType "swiss"]
[EventDate "2016.05.14"]

1. e4 e5 2. Nf3 Nc6 3. d4 exd4 4. Nxd4 Bc5 5. Be3 Qf6 6. c3 Nge7 7. Be2 d5 8.
exd5 Nxd5 9. O-O Nxe3 10. fxe3 Qe5 11. Qd3 O-O 12. Nd2 Rd8 13. N2f3 Qe8 14. Ng5
g6 15. Nxf7 Rd7 16. Nh6+ Kh8 17. Ng4 Rd6 18. Nh6 Be6 19. b4 Bb6 20. b5 Ne5 21.
Qe4 Bd5 22. Qf4 Qd7 23. Qxe5+ Qg7 24. Qxg7+ Kxg7 25. Ng4 Be6 26. Nxe6+ Rxe6 27.
Rf3 Rae8 28. Kf2 h5 29. Bc4 hxg4 30. Rf4 Bxe3+ 31. Kg3 Bxf4+ 32. Kxf4 Re4+ 33.
Kg3 Rxc4 34. Rc1 Re3+ 35. Kh4 Rexc3 36. Rd1 g3+ 37. Kh3 gxh2+ 38. Kxh2 Rh4+ 39.
Kg1 Rc2 40. a3 Rf4 41. Kh2 Rff2 42. Rg1 g5 43. Kh3 Kf6 44. a4 Kf5 45. Kg3 Rfd2
46. a5 Rd3+ 47. Kh2 g4 48. Kh1 g3 49. a6 bxa6 50. bxa6 Rdd2 51. Rf1+ Rf2 52.
Rg1 c5 53. Re1 Rxg2 54. Re5+ Kg4 55. Rg5+ Kf3 56. Rxg3+ Ke4 57. Re3+ Kd4 58.
Rd3+ Kc4 59. Rd4+ Kb5 60. Rb4+ Kxa6 61. Rb6+ Ka5 62. Rb5+ Ka4 63. Rb4+ Ka3 64.
Rb3+ Ka2 65. Rb2+ Ka3 66. Rb3+ Ka4 67. Rb4+ Ka5 68. Rb5+ Ka6 69. Rb6+ Ka5 70.
Rb5+ Ka4 71. Rb4+ Ka3 72. Rb3+ Ka2 73. Rb2+ Ka3 74. Rb3+ Ka4 75. Rb4+ 1/2-1/2

[Event "DEM U10w 2016"]
[Site "Willingen GER"]
[Date "2016.05.15"]
[Round "2"]
[White "Arnold, Rubina"]
[Black "Breß, Amy Charlize"]
[Result "0-1"]
[Termination "normal"]
[Board "17"]
[WhiteElo "755"]
[BlackElo "1059"]
[PlyCount "132"]
[WhiteFideId "16276272"]
[BlackFideId "16233786"]
[EventCountry "GER"]
[EventRounds "11"]
[EventType "swiss"]
[EventDate "2016.05.14"]

1. e4 c5 2. Nf3 e6 3. c3 a6 4. d4 cxd4 5. cxd4 d5 6. e5 Nc6 7. Nc3 f6 8. Qe2
Qc7 9. g3 fxe5 10. dxe5 Nge7 11. Bg2 Ng6 12. O-O Ncxe5 13. Bd2 Bd6 14. Nxe5
Bxe5 15. Qg4 O-O 16. Be3 Qf7 17. Qb4 Qc7 18. Bc5 Re8 19. Qa4 Qd7 20. Qxd7 Bxd7
21. h3 Rac8 22. Be3 Bxc3 23. bxc3 Rxc3 24. Bd4 Rc4 25. Be3 Rec8 26. Kh2 Rc2 27.
Rac1 Rxc1 28. Rxc1 Rxc1 29. Bxc1 Bb5 30. h4 Bc4 31. h5 Ne7 32. g4 Bxa2 33. Kh3
b5 34. f3 b4 35. Kh4 Kf7 36. Bf1 a5 37. f4 b3 38. Bb2 Bb1 39. g5 Nf5+ 40. Kg4
Ne3+ 41. Kh4 Nxf1 42. h6 gxh6 43. Kh5 hxg5 44. Kxg5 Nd2 45. f5 exf5 46. Kf4 Kg6
47. Ke5 h5 48. Kxd5 Kg5 49. Kc5 h4 50. Kb5 h3 51. Kxa5 h2 52. Bd4 h1=Q 53. Be3+
Kg4 54. Bxd2 Qd5+ 55. Ka4 Qxd2 56. Kxb3 Qc1 57. Kb4 Kf4 58. Kb3 Ke3 59. Kb4 Qc6
60. Kb3 Kd4 61. Kb2 Kd3 62. Kxb1 Kd2 63. Kb2 Qb6+ 64. Ka3 Kc2 65. Ka4 Kc3 66.
Ka3 Qb3# 0-1